00380 2200145 4500001002100000005001500021035002000036245004500056100002700101300002200128260003600150082001200186084001800198650001800216INLIS00000000000128020241017075151 a0010-10240001291 aMy sweet diary /cFathika Raihani Tawali0 aFathika Raihani Tawali a112 hlm. ;c21 cm aBandung :bMizan Pustaka,c2016 a808.301 a808.301 FAT m 4aCerita pendek